000 00829nam a2200169 a 4500
008 080109s1977 ||||||||||||||||| || u
020 _a033506292X
050 _aQA 9.7 Ope
245 1 0 _aModelling by mathematics
246 _aThe Open University
260 _aMilton Keynes
_bThe Open University Press
_c1977
300 _aIn various pagings : ill.
350 _a0.00
995 _aBINDERY (DAMAGED)
_D0.00
_e719146
_FCBU-MAIN LIBRARY (Kitwe)
_H1
_I3.00
_jQA 9.7 Ope
_M2
_UDAMAGED
_y011064
_ZMain Library Open Access Collection
995 _aANNEX COLLECTION (Main Library)
_D0.00
_e723942
_FCBU-MAIN LIBRARY (Kitwe)
_H3
_I3.00
_jQA 9.7 Ope
_M3
_UAVAILABLE
_y011065
_ZAnnex Low-Usage Collection
995 _aBINDERY (DAMAGED)
_D0.00
_e719163
_FCBU-MAIN LIBRARY (Kitwe)
_H2
_I3.00
_jQA 9.7 Ope
_M1
_UDAMAGED
_y011063
_ZMain Library Open Access Collection
999 _c77711
_d77711